[Event "Rated Blitz game"]
[Site "?"]
[Date "2021.03.08"]
[Round "?"]
[White "Principatibus"]
[Black "Fantastic_power06"]
[Result "0-1"]
[WhiteElo "2614"]
[BlackElo "2660"]
[PlyCount "108"]
[EventDate "2021.??.??"]
[EventType "blitz"]

1. e4 e5 2. Nf3 d5 3. Nxe5 Bd6 4. d4 dxe4 5. Nc4 Nc6 6. Nxd6+ Qxd6 7. c3 Nf6 8.
Bg5 Nd5 9. Nd2 Qg6 10. Be3 O-O 11. Qc2 f5 12. Bc4 Be6 13. g3 Kh8 14. O-O-O Rad8
15. Kb1 a6 16. h4 b5 17. Bb3 Nxe3 18. fxe3 Bxb3 19. Nxb3 Qxg3 20. Nc5 Rde8 21.
Qe2 Qf3 22. Qh2 f4 23. exf4 Qxf4 24. Qc2 e3 25. h5 e2 26. Rde1 Qf1 27. a3 Qxh1
28. Rxh1 Rf1+ 29. Ka2 Rxh1 30. h6 e1=Q 31. hxg7+ Kg8 32. Qg2 Rh6 33. Qd5+ Kxg7
34. Qd7+ Re7 35. Qg4+ Rg6 36. Qf5 Qe3 37. Nd3 Qe6+ 38. Qxe6 Rgxe6 39. d5 Rd6
40. Nf4 Ne5 41. Nh5+ Kf7 42. Ng3 Rxd5 43. Nf5 Rd8 44. Nxe7 Kxe7 45. Kb3 h5 46.
Kb4 h4 47. Ka5 Ra8 48. c4 Nxc4+ 49. Kb4 h3 50. Kc5 Nxb2 51. Kb4 h2 52. a4 h1=Q
53. Ka5 Qc6 54. axb5 Qxb5# {Normal} 0-1

[Event "Rated Blitz game"]
[Site "?"]
[Date "2021.03.08"]
[Round "?"]
[White "AMAL72"]
[Black "batasjon"]
[Result "0-1"]
[WhiteElo "2466"]
[BlackElo "2304"]
[PlyCount "104"]
[EventDate "2021.??.??"]
[EventType "blitz"]

1. e4 e5 2. Nf3 d5 3. Nxe5 Bd6 4. d4 dxe4 5. Nc3 Nf6 6. Bg5 O-O 7. Bc4 Nbd7 8.
Nxd7 Bxd7 9. Qe2 h6 10. Bh4 Re8 11. Nd5 g5 12. Bg3 Bf5 13. Nxf6+ Qxf6 14. O-O-O
Bf4+ 15. Bxf4 gxf4 16. g3 f3 17. Qe3 Rad8 18. h4 Kg7 19. Rhg1 Bg4 20. c3 b6 21.
Bb3 h5 22. Bc2 Qh6 23. Qxh6+ Kxh6 24. Rge1 Bf5 25. d5 Bg6 26. Re3 Kg7 27. Rd4
f5 28. c4 a5 29. Kd2 Kf6 30. Rc3 c5 31. dxc6 Rxd4+ 32. Ke3 Rd6 33. Ba4 Rc8 34.
Rb3 Rcxc6 35. Bxc6 Rxc6 36. Rb5 Bf7 37. b3 Be6 38. Kf4 Rd6 39. c5 Rd5 40. Rxb6
Rxc5 41. Rb8 Rc2 42. Rh8 Rxf2 43. Rh6+ Ke7 44. Ke5 Bf7 45. Ra6 Rd2 46. Ra7+ Rd7
47. Rxa5 f2 48. b4 f1=Q 49. a3 e3 50. Ra6 e2 51. Re6+ Bxe6 52. b5 Rd5# {Normal}
0-1

[Event "Rated Blitz game"]
[Site "?"]
[Date "2021.03.08"]
[Round "?"]
[White "Bir_Yabanci"]
[Black "Blind2250"]
[Result "0-1"]
[WhiteElo "2394"]
[BlackElo "2424"]
[PlyCount "142"]
[EventDate "2021.??.??"]
[EventType "blitz"]

1. e4 e5 2. Nf3 d5 3. exd5 e4 4. Qe2 Qe7 5. Nd4 Qe5 6. c3 Nf6 7. d3 Qxd5 8.
dxe4 Qxe4 9. Qxe4+ Nxe4 10. Bd3 Nc5 11. Bc2 Be7 12. O-O O-O 13. Nd2 Bd7 14. Ne4
Nxe4 15. Bxe4 c6 16. Re1 Bf6 17. Bf4 Na6 18. Rad1 Rfe8 19. Nf5 Rxe4 20. Nh6+
gxh6 21. Rxe4 Nc5 22. Rc4 b6 23. Rxc5 bxc5 24. Rxd7 Bg5 25. Bg3 a5 26. a4 Bc1
27. b3 Kg7 28. c4 Bb2 29. Kf1 Bd4 30. Bc7 Kf6 31. Rd6+ Kg7 32. Rxc6 f6 33. Bb6
Rb8 34. f3 h5 35. Ke2 h4 36. h3 Kf7 37. Kd3 Rg8 38. Bxc5 Be5 39. Bd4 Bxd4 40.
Kxd4 Rxg2 41. Rc7+ Kg6 42. Rc8 Rg3 43. Rg8+ Kf5 44. Rxg3 hxg3 45. Ke3 Kg5 46.
c5 Kh4 47. c6 Kxh3 48. c7 g2 49. c8=Q+ Kh2 50. Qg4 g1=Q+ 51. Qxg1+ Kxg1 52. Kd4
h5 53. Kc4 h4 54. b4 h3 55. bxa5 h2 56. a6 h1=Q 57. Kb5 Qxf3 58. a5 Qa8 59. Kb6
f5 60. a7 f4 61. a6 f3 62. Ka5 f2 63. Kb6 f1=Q 64. Kc7 Qf7+ 65. Kb6 Qfxa7+ 66.
Kb5 Qxa6+ 67. Kc5 Qa3+ 68. Kb6 Q8a4 69. Kb7 Q3b3+ 70. Kc8 Qbb5 71. Kd8 Qac4 {
Time forfeit} 0-1

[Event "Rated Blitz game"]
[Site "?"]
[Date "2021.03.08"]
[Round "?"]
[White "Filemon64"]
[Black "pasha1984"]
[Result "0-1"]
[WhiteElo "2369"]
[BlackElo "2414"]
[PlyCount "92"]
[EventDate "2021.??.??"]
[EventType "blitz"]

1. e4 e5 2. Nf3 d5 3. exd5 e4 4. Qe2 Nf6 5. d3 Qxd5 6. Nc3 Bb4 7. Bd2 Bxc3 8.
Bxc3 O-O 9. Ne5 Re8 10. d4 Nc6 11. Qb5 Nxe5 12. dxe5 Qxb5 13. Bxb5 Nd7 14. Bxd7
Bxd7 15. O-O-O Bc6 16. Rhe1 Rad8 17. Rxd8 Rxd8 18. Re3 Kf8 19. f4 g6 20. b3 Ke7
21. a4 h5 22. h3 Ke6 23. g3 a6 24. Bd2 Kf5 25. Rc3 f6 26. exf6 Kxf6 27. Be3 Kf5
28. Rc5+ Kf6 29. g4 hxg4 30. hxg4 Rd5 31. Rc3 Rd8 32. b4 Bxa4 33. Rxc7 Bc6 34.
c3 Rd3 35. Bd4+ Ke6 36. Rg7 e3 37. Rxg6+ Kd5 38. Rg5+ Ke4 39. Re5+ Kxf4 40. g5
Be4 41. Re7 e2 42. g6 e1=Q+ 43. Kb2 Rd2+ 44. Kb3 Bd5+ 45. c4 Qb1+ 46. Kc3 Qc2#
{Normal} 0-1

[Event "Rated Blitz game"]
[Site "?"]
[Date "2021.03.08"]
[Round "?"]
[White "Puricnenad"]
[Black "Jenlen3001"]
[Result "0-1"]
[WhiteElo "2405"]
[BlackElo "2604"]
[PlyCount "66"]
[EventDate "2021.??.??"]
[EventType "blitz"]

1. e4 e5 2. Nf3 d5 3. exd5 e4 4. Qe2 Nf6 5. Nc3 Be7 6. Ng5 O-O 7. d3 Bb4 8.
Ngxe4 Bxc3+ 9. Nxc3 Re8 10. Be3 Nxd5 11. Nxd5 Qxd5 12. c4 Qd6 13. O-O-O Nc6 14.
d4 Bf5 15. Qd2 Nb4 16. b3 a5 17. Bf4 Qe7 18. Kb2 a4 19. a3 axb3 20. Qxb4 Qe4
21. Qd2 Qc6 22. Ra1 b5 23. Qc3 bxc4 24. Qxc4 Qe4 25. Be3 c5 26. dxc5 Qe5+ 27.
Qc3 Qe6 28. Bc4 Qg6 29. Rhd1 Bc2 30. Rd6 Qg4 31. c6 Ra4 32. c7 Rxc4 33. Rd8 Kf8
{Time forfeit} 0-1

[Event "Rated Blitz game"]
[Site "?"]
[Date "2021.03.08"]
[Round "?"]
[White "Miftah68"]
[Black "jsequera"]
[Result "1-0"]
[WhiteElo "2315"]
[BlackElo "2436"]
[PlyCount "47"]
[EventDate "2021.??.??"]
[EventType "blitz"]

1. e4 e5 2. Nf3 d5 3. exd5 e4 4. Qe2 f5 5. Nc3 Nf6 6. d3 Bb4 7. Nd2 O-O 8. dxe4
Bxc3 9. bxc3 fxe4 10. c4 Nbd7 11. Bb2 Nc5 12. h3 Bf5 13. Qe3 b6 14. O-O-O Bg6
15. g4 Qd7 16. Nb3 Na4 17. Ba1 Qd6 18. Nd4 Nd7 19. Nc6 Rf3 20. Qd4 Qa3+ 21. Kb1
Rc3 22. h4 Re8 23. h5 Bf7 24. Rh3 {Time forfeit} 1-0

[Event "Rated Blitz tournament Rzltitmm"]
[Site "?"]
[Date "2021.03.08"]
[Round "?"]
[White "KolhozZaria"]
[Black "VVV-31"]
[Result "1-0"]
[WhiteElo "2447"]
[BlackElo "2219"]
[PlyCount "61"]
[EventDate "2021.??.??"]
[EventType "blitz"]

1. e4 e5 2. Nf3 d5 3. exd5 Bd6 4. d4 e4 5. Ne5 Nf6 6. Bb5+ Bd7 7. Nxd7 Nbxd7 8.
c4 a6 9. Bxd7+ Qxd7 10. h3 h6 11. Nc3 Bb4 12. Bf4 Bxc3+ 13. bxc3 O-O 14. O-O
Qf5 15. Be5 Rac8 16. Qe2 Nd7 17. Bh2 Rfe8 18. Rae1 Qg6 19. f3 f5 20. fxe4 Rxe4
21. Qf3 Rce8 22. Rxe4 fxe4 23. Qe3 Nf6 24. Bxc7 b5 25. Be5 bxc4 26. Bxf6 gxf6
27. Rf4 f5 28. g4 Rf8 29. Kh1 Qg5 30. gxf5 Kg7 31. Rg4 {Normal} 1-0

[Event "Rated Blitz game"]
[Site "?"]
[Date "2021.03.08"]
[Round "?"]
[White "Ajax_1995"]
[Black "Gifroy"]
[Result "0-1"]
[WhiteElo "2373"]
[BlackElo "2418"]
[PlyCount "140"]
[EventDate "2021.??.??"]
[EventType "blitz"]

1. e4 e5 2. Nf3 d5 3. Nc3 dxe4 4. Nxe4 Nf6 5. Nxf6+ Qxf6 6. d3 Nc6 7. Be2 h6 8.
O-O Bf5 9. Re1 O-O-O 10. Be3 e4 11. Nd2 exd3 12. cxd3 Bxd3 13. Qb3 Bxe2 14.
Rxe2 Bd6 15. g3 Rhe8 16. Rc1 Nd4 17. Bxd4 Qxd4 18. Rxe8 Rxe8 19. Qxf7 Rf8 20.
Rxc7+ Kb8 21. Rxb7+ Ka8 22. Rxa7+ Qxa7 23. Qd5+ Qb7 24. Qxd6 Rc8 25. Qa3+ Kb8
26. Qd6+ Ka7 27. Qa3+ Qa6 28. Qxa6+ Kxa6 29. Ne4 Rc2 30. b4 Kb5 31. a3 Ra2 32.
Nd6+ Ka4 33. Ne8 Rxa3 34. Nxg7 Kxb4 35. Nf5 Ra6 36. Kg2 Kc4 37. h4 Kd5 38. Kf3
Ke5 39. Ne3 Kf6 40. g4 Ra1 41. Kg3 Rg1+ 42. Ng2 Ra1 43. f4 Ra3+ 44. Kf2 Kg6 45.
Ne3 Ra8 46. Kf3 Re8 47. f5+ Kf6 48. Nd5+ Ke5 49. Nf4 Ra8 50. Ng6+ Kf6 51. Nf4
Ra3+ 52. Ke4 Ra4+ 53. Kf3 Ke5 54. Ng6+ Kf6 55. Nf4 Ra1 56. Nh5+ Ke5 57. Ng3
Ra3+ 58. Kg2 Kf4 59. Ne2+ Kxg4 60. f6 Ra8 61. Nc3 Rf8 62. Nd5 Kxh4 63. Kf3 Kg5
64. Kg3 Kf5 65. Kh4 Ke5 66. Ne7 Kxf6 67. Nd5+ Kg6 68. Ne7+ Kh7 69. Nd5 Rf5 70.
Ne7 Rf4+ {Time forfeit} 0-1

[Event "Rated Blitz game"]
[Site "?"]
[Date "2021.03.08"]
[Round "?"]
[White "MagiqueRoger"]
[Black "BrilliantGambiteer"]
[Result "1-0"]
[WhiteElo "2469"]
[BlackElo "2298"]
[PlyCount "141"]
[EventDate "2021.??.??"]
[EventType "blitz"]

1. e4 e5 2. Nf3 d5 3. exd5 e4 4. Ne5 Qxd5 5. d4 exd3 6. Nxd3 Nf6 7. Nc3 Qd8 8.
Be2 Be6 9. O-O Be7 10. Bf3 c6 11. Re1 O-O 12. Bf4 Na6 13. a3 Re8 14. h3 Nc7 15.
Bg3 Ncd5 16. Qd2 Nxc3 17. Qxc3 Nd5 18. Qd4 Bf6 19. Be5 Bxe5 20. Rxe5 Qb6 21.
Qxb6 Nxb6 22. Nc5 Nc4 23. Ree1 Nd6 24. Rad1 Rad8 25. Nxe6 Rxe6 26. Rxe6 fxe6
27. g4 Kf7 28. Be4 h6 29. f4 Ke7 30. Bd3 Nc4 31. Rb1 Nd2 32. Rc1 Nf3+ 33. Kf2
Nd4 34. Ke3 c5 35. b4 cxb4 36. axb4 Nc6 37. b5 Nb4 38. Be4 Nd5+ 39. Kf3 Nc3 40.
Bxb7 Nxb5 41. c4 Nd4+ 42. Ke3 Rd7 43. Be4 Nb3 44. Rc2 Nc5 45. Ra2 Rc7 46. Bc2
Kd6 47. Kd4 a6 48. Ra5 Rc6 49. f5 e5+ 50. Kc3 Kc7 51. Ra1 Kb6 52. Re1 Nd7 53.
Ba4 Rc7 54. Bxd7 Rxd7 55. Rxe5 Ra7 56. Re6+ Kc5 57. Rg6 a5 58. Re6 a4 59. Re5+
Kc6 60. Re2 a3 61. Ra2 Kc5 62. Kb3 Rb7+ 63. Kxa3 Ra7+ 64. Kb3 Rxa2 65. Kxa2
Kxc4 66. Kb2 Kd4 67. Kc2 Ke4 68. Kc3 Kf3 69. Kd4 Kg3 70. Ke5 Kxh3 71. f6 {
Time forfeit} 1-0

[Event "Rated Blitz game"]
[Site "?"]
[Date "2021.03.08"]
[Round "?"]
[White "musik92"]
[Black "annaly1979"]
[Result "1-0"]
[WhiteElo "2509"]
[BlackElo "2388"]
[PlyCount "51"]
[EventDate "2021.??.??"]
[EventType "blitz"]

1. e4 e5 2. Nf3 d5 3. exd5 e4 4. Ne5 Bd6 5. d4 Nf6 6. Nc3 h6 7. Bb5+ Nbd7 8.
O-O O-O 9. Re1 Nxe5 10. dxe5 Bxe5 11. Nxe4 Bf5 12. Nxf6+ Qxf6 13. Bd3 Rae8 14.
Be3 b6 15. c3 Rd8 16. Bxf5 Qxf5 17. Qa4 a5 18. Rad1 Rxd5 19. Rxd5 Bxh2+ 20.
Kxh2 Qxd5 21. a3 Rd8 22. Qg4 Kh7 23. Qg3 Rd7 24. Bd4 f6 25. Qd3+ Kh8 26. Re8+ {
Normal} 1-0

[Event "Rated Blitz game"]
[Site "?"]
[Date "2021.03.08"]
[Round "?"]
[White "hicus"]
[Black "Chesspirate_Channel"]
[Result "1-0"]
[WhiteElo "2401"]
[BlackElo "2382"]
[PlyCount "103"]
[EventDate "2021.??.??"]
[EventType "blitz"]

1. e4 e5 2. Nf3 d5 3. exd5 e4 4. Qe2 Nf6 5. d3 Be7 6. dxe4 O-O 7. Nc3 Re8 8.
Be3 Bb4 9. Qc4 Rxe4 10. Qb3 Bxc3+ 11. bxc3 Qxd5 12. Rd1 Qxb3 13. axb3 Nc6 14.
Bd3 Re8 15. O-O Bg4 16. Be2 Ne5 17. c4 Nxf3+ 18. gxf3 Bh3 19. Rfe1 b6 20. Bf4
c5 21. Bd3 Rad8 22. Bg5 Rxe1+ 23. Rxe1 Re8 24. Rxe8+ Nxe8 25. Bf4 Kf8 26. Bb8
a6 27. Ba7 Ke7 28. Bxb6 Kd6 29. f4 Kc6 30. Ba7 Nd6 31. Bb8 Be6 32. f3 g6 33.
Kf2 Nb7 34. Kg3 a5 35. Kh4 a4 36. bxa4 Na5 37. Kg5 Nxc4 38. Kh6 Nb2 39. a5 c4
40. Be4+ Kb5 41. f5 Na4 42. fxe6 fxe6 43. Kxh7 Nc5 44. Bxg6 Na6 45. Kg7 Kxa5
46. h4 Nb4 47. h5 c3 48. h6 Nxc2 49. h7 Nd4 50. h8=Q c2 51. Qc8 c1=Q 52. Qxc1 {
Time forfeit} 1-0

[Event "Rated Blitz game"]
[Site "?"]
[Date "2021.03.08"]
[Round "?"]
[White "Alekhine_Style"]
[Black "Fantastic_power06"]
[Result "0-1"]
[WhiteElo "2465"]
[BlackElo "2640"]
[PlyCount "47"]
[EventDate "2021.??.??"]
[EventType "blitz"]

1. e4 e5 2. Nf3 d5 3. exd5 e4 4. Qe2 Nf6 5. Nc3 Be7 6. Nxe4 O-O 7. d3 Re8 8.
Qd1 Qxd5 9. Nxf6+ Bxf6+ 10. Be2 c5 11. O-O Nc6 12. h3 Bf5 13. a3 Rad8 14. Rb1
b6 15. Be3 h6 16. Nd2 Nd4 17. Bxd4 Bxd4 18. Bf3 Qd7 19. Be4 Be6 20. c3 Be5 21.
Nc4 Bxc4 22. dxc4 Bh2+ 23. Kxh2 Qc7+ 24. Kg1 {Normal} 0-1

[Event "Rated Blitz game"]
[Site "?"]
[Date "2021.03.08"]
[Round "?"]
[White "toratosa"]
[Black "pasha1984"]
[Result "1-0"]
[WhiteElo "2451"]
[BlackElo "2412"]
[PlyCount "63"]
[EventDate "2021.??.??"]
[EventType "blitz"]

1. e4 e5 2. Nf3 d5 3. exd5 e4 4. Qe2 Nf6 5. c4 c6 6. d3 Bb4+ 7. Nc3 O-O 8. dxe4
Re8 9. Nd2 Bxc3 10. bxc3 cxd5 11. cxd5 Nxd5 12. Qd3 Nc6 13. Be2 Nf4 14. Qxd8
Rxd8 15. Nf3 Nd3+ 16. Bxd3 Rxd3 17. Bd2 Bg4 18. Ke2 Rad8 19. Bf4 Rxc3 20. Rhc1
Nd4+ 21. Kf1 Rxc1+ 22. Rxc1 Bxf3 23. gxf3 Nxf3 24. Rc7 g5 25. Be3 Nxh2+ 26. Kg2
Ng4 27. Bxa7 Rd2 28. Rxb7 Rxa2 29. Kg3 Nf6 30. f3 Kg7 31. Bd4 Kg6 32. Rb6 {
Normal} 1-0

[Event "Rated Blitz game"]
[Site "?"]
[Date "2021.03.08"]
[Round "?"]
[White "leva1958"]
[Black "Jomajo"]
[Result "0-1"]
[WhiteElo "2537"]
[BlackElo "2591"]
[PlyCount "32"]
[EventDate "2021.??.??"]
[EventType "blitz"]

1. e4 e5 2. Nf3 d5 3. d4 dxe4 4. Nxe5 Bd6 5. Bc4 Bxe5 6. dxe5 Qxd1+ 7. Kxd1 Nc6
8. Bd5 Bg4+ 9. Ke1 O-O-O 10. Nc3 Nxe5 11. Bxe4 Nf6 12. Be3 Rhe8 13. b3 Nxe4 14.
Nxe4 Bf5 15. f3 Bxe4 16. fxe4 Ng4 {Normal} 0-1

[Event "Rated Blitz game"]
[Site "?"]
[Date "2021.03.08"]
[Round "?"]
[White "danikoshvili"]
[Black "pasha1984"]
[Result "0-1"]
[WhiteElo "2467"]
[BlackElo "2409"]
[PlyCount "47"]
[EventDate "2021.??.??"]
[EventType "blitz"]

1. e4 e5 2. Nf3 d5 3. Nxe5 dxe4 4. Bc4 Qg5 5. Nxf7 Qxg2 6. Rf1 Bg4 7. Be2 Bxe2
8. Qxe2 Kxf7 9. Nc3 Bd6 10. d3 Nf6 11. dxe4 Re8 12. Qc4+ Kf8 13. f3 Nc6 14. Be3
Ne5 15. Qe2 Qxe2+ 16. Kxe2 Bb4 17. f4 Bxc3 18. bxc3 Nc4 19. e5 Nxe3 20. Kxe3
Nd5+ 21. Kd4 Rad8 22. Kc5 Ne3 23. c4 Nxf1 24. Rxf1 {Normal} 0-1

[Event "Rated Blitz game"]
[Site "?"]
[Date "2021.03.08"]
[Round "?"]
[White "Chessibague"]
[Black "Polyclinical"]
[Result "1-0"]
[WhiteElo "2483"]
[BlackElo "2791"]
[PlyCount "127"]
[EventDate "2021.??.??"]
[EventType "blitz"]

1. e4 e5 2. Nf3 d5 3. Nxe5 Bd6 4. d4 dxe4 5. Bc4 Bxe5 6. Qh5 Qe7 7. dxe5 Nc6 8.
Nc3 g6 9. Qe2 Qxe5 10. Qxe4 Nf6 11. Qxe5+ Nxe5 12. Bb3 O-O 13. h3 c5 14. a3 c4
15. Ba2 Bf5 16. Bf4 Rfe8 17. O-O-O Rac8 18. Rhe1 Ned7 19. Nb5 Rxe1 20. Rxe1 Nd5
21. Bd2 Rc5 22. Nd6 b5 23. Nxf5 gxf5 24. Be3 Nxe3 25. Rxe3 Kf8 26. c3 f4 27.
Re4 Rg5 28. Rxf4 Rxg2 29. Kd2 Rh2 30. a4 a6 31. axb5 axb5 32. b3 Rxh3 33. bxc4
bxc4 34. Bxc4 Ne5 35. Be2 Ke7 36. f3 h5 37. Ke3 h4 38. Ba6 Rh2 39. Bc8 Ng6 40.
Re4+ Kf6 41. Ra4 Rc2 42. Kd3 Rc1 43. Ra2 Re1 44. Rh2 Nf4+ 45. Kd2 Re8 46. Bg4
Kg5 47. c4 Rd8+ 48. Kc3 f5 49. Bh3 Rd3+ 50. Kb4 Rxf3 51. Bg2 Nd3+ 52. Kb5 Rg3
53. Bd5 Nf4 54. Bb7 Rb3+ 55. Ka6 h3 56. c5 Ra3+ 57. Kb6 Rb3+ 58. Kc7 Kh4 59.
Ba8 Kg3 60. Rc2 Rc3 61. Rxc3+ Kf2 62. Rxh3 Nxh3 63. c6 Ng5 64. Kd7 {Time
forfeit} 1-0

[Event "Rated Blitz game"]
[Site "?"]
[Date "2021.03.08"]
[Round "?"]
[White "jpcremer"]
[Black "Lasker-on-speed"]
[Result "1/2-1/2"]
[WhiteElo "2450"]
[BlackElo "2279"]
[PlyCount "124"]
[EventDate "2021.??.??"]
[EventType "blitz"]

1. e4 e5 2. Nf3 d5 3. Nxe5 Bd6 4. d4 dxe4 5. Bc4 Bxe5 6. Qh5 Qe7 7. Qxe5 Qxe5
8. dxe5 Nc6 9. Bf4 Nge7 10. Nc3 Bf5 11. O-O-O Ng6 12. g3 Ngxe5 13. Bb5 O-O 14.
Nd5 a6 15. Bxc6 Nxc6 16. Bxc7 Rac8 17. Bd6 Rfe8 18. Ne3 Be6 19. b3 f5 20. Kb2
g6 21. c4 Bf7 22. h4 Ne5 23. Bxe5 Rxe5 24. Rd7 b5 25. cxb5 axb5 26. Rhd1 Be6
27. Rd8+ Rxd8 28. Rxd8+ Kg7 29. Nc2 h6 30. Nd4 Bf7 31. Rb8 Be8 32. Kc3 g5 33.
hxg5 hxg5 34. Kd2 f4 35. gxf4 gxf4 36. b4 e3+ 37. fxe3 fxe3+ 38. Ke1 Kf6 39.
Rb6+ Kg5 40. Nf3+ Kf4 41. Nxe5 Kxe5 42. Rb8 Bc6 43. Ke2 Kd4 44. Rd8+ Bd5 45.
Rd6 Kc4 46. Kxe3 Bf7 47. Rd4+ Kc3 48. Rf4 Bxa2 49. Ke2 Bc4+ 50. Kd1 Kxb4 51.
Kc1 Kc3 52. Rf3+ Kd4 53. Kb2 Kc5 54. Rg3 b4 55. Rg5+ Kd4 56. Rg4+ Kc5 57. Rf4
Kd5 58. Rh4 Kc5 59. Rh2 Kb5 60. Rh4 Kc5 61. Rh2 Kb5 62. Rh4 Kc5 {Normal}
1/2-1/2

[Event "Rated Blitz game"]
[Site "?"]
[Date "2021.03.08"]
[Round "?"]
[White "Bcsillo"]
[Black "igp0"]
[Result "0-1"]
[WhiteElo "2343"]
[BlackElo "2448"]
[PlyCount "90"]
[EventDate "2021.??.??"]
[EventType "blitz"]

1. e4 e5 2. Nf3 d5 3. Nxe5 Bd6 4. d4 dxe4 5. Bc4 Bxe5 6. dxe5 Qxd1+ 7. Kxd1 Nc6
8. Re1 Bg4+ 9. Be2 O-O-O+ 10. Bd2 Nxe5 11. Nc3 Nf6 12. Kc1 Rhe8 13. h3 Bxe2 14.
Rxe2 h6 15. Be3 Nc4 16. b3 Nxe3 17. Rxe3 Nd5 18. Nxd5 Rxd5 19. f3 f5 20. fxe4
Rxe4 21. Rxe4 fxe4 22. Kb2 Rd2 23. Re1 Rxg2 24. Rxe4 b6 25. Re3 g5 26. Re6 h5
27. Rh6 h4 28. a4 Rg3 29. Rh5 a5 30. Kc1 Kb7 31. Kd2 Kc6 32. Rh6+ Kc5 33. Rg6
Kd4 34. Rg7 Rg2+ 35. Kc1 c5 36. Rg6 Ke3 37. Rxb6 Rg3 38. Rd6 Ke4 39. Ra6 Rxh3
40. Rxa5 Rh1+ 41. Kd2 h3 42. Rxc5 h2 43. Rxg5 Rd1+ 44. Kxd1 h1=Q+ 45. Kd2 Qh6 {
Normal} 0-1

[Event "Rated Blitz game"]
[Site "?"]
[Date "2021.03.08"]
[Round "?"]
[White "Triatlon123"]
[Black "DarthZannah"]
[Result "0-1"]
[WhiteElo "2337"]
[BlackElo "2515"]
[PlyCount "140"]
[EventDate "2021.??.??"]
[EventType "blitz"]

1. e4 e5 2. Nf3 d5 3. exd5 e4 4. Ne5 Qxd5 5. d4 exd3 6. Nxd3 Nf6 7. Nc3 Qf5 8.
Be2 Bd6 9. O-O O-O 10. h3 Nc6 11. Be3 Qg6 12. Kh1 Re8 13. Nf4 Qf5 14. Bd3 Qa5
15. Ncd5 Nxd5 16. Nxd5 Be6 17. Nf4 Bf5 18. Bxf5 Qxf5 19. Qd3 Qe5 20. g3 Nb4 21.
Qb3 Qe4+ 22. Kh2 Nxc2 23. Rac1 Nxe3 24. fxe3 Qxe3 25. Qxb7 Qd2+ 26. Ng2 Rab8
27. Qf3 f6 28. b3 Qxa2 29. Qd5+ Kh8 30. Rc3 Qb2 31. Rd3 Qe5 32. Qf3 Qe2 33. Qf5
Re5 34. Qf3 Qxf3 35. Rfxf3 Re2 36. h4 Kg8 37. Kh3 Kf7 38. Ne3 Rb6 39. Nc4 Ra6
40. Ne3 Raa2 41. Nf5 Rh2+ 42. Kg4 h5+ 43. Kxh5 g6+ 44. Kg4 gxf5+ 45. Kxf5 Ra5+
46. Ke4 Re2+ 47. Kd4 Be5+ 48. Kc4 Rc2+ 49. Kb4 Ra6 50. Rd7+ Ke6 51. Rfd3 Rb6+
52. Ka3 Rc1 53. Rd1 Rxd1 54. Rxd1 Bxg3 55. h5 Kf7 56. h6 Bd6+ 57. Ka4 Kg6 58.
Rh1 Kh7 59. Rh4 f5 60. Rh5 f4 61. Rf5 Kxh6 62. b4 Rxb4+ 63. Ka5 Rb6 64. Rf6+
Kg5 65. Rf7 Kg4 66. Rg7+ Kf3 67. Rg5 Kf2 68. Rf5 f3 69. Ka4 Ke2 70. Rh5 f2 {
Normal} 0-1

[Event "Rated Blitz game"]
[Site "?"]
[Date "2021.03.08"]
[Round "?"]
[White "Jb2mix"]
[Black "Jomajo"]
[Result "0-1"]
[WhiteElo "2574"]
[BlackElo "2573"]
[PlyCount "106"]
[EventDate "2021.??.??"]
[EventType "blitz"]

1. e4 e5 2. Nf3 d5 3. exd5 e4 4. Ne5 Qxd5 5. d4 exd3 6. Nxd3 Nc6 7. Nc3 Qa5 8.
g3 Nf6 9. Bg2 Bg4 10. Qd2 O-O-O 11. O-O Nb4 12. Ne4 Qf5 13. Nxf6 gxf6 14. Qe3
Nxd3 15. cxd3 Bc5 16. Qe4 Qxe4 17. dxe4 Rhe8 18. Bf4 Bd4 19. Rac1 Be5 20. Bxe5
fxe5 21. f3 Be6 22. b3 Rd2 23. Rf2 Red8 24. Rc2 Rd1+ 25. Rf1 c6 26. Rxd1 Rxd1+
27. Kf2 f6 28. h4 Kc7 29. Ke2 Rg1 30. Kf2 Ra1 31. Bf1 a5 32. f4 a4 33. Bc4 Bxc4
34. bxc4 a3 35. fxe5 fxe5 36. Kf3 Kd6 37. Kg4 Ke6 38. Kh5 Re1 39. Rc3 Rxe4 40.
Rxa3 Rxc4 41. g4 e4 42. g5 Kf5 43. Rh3 Rd4 44. Kh6 Rd7 45. h5 Re7 46. Rh1 e3
47. Rf1+ Ke4 48. g6 hxg6 49. hxg6 e2 50. Re1 Ke3 51. g7 Re8 52. Kh7 Kd2 53. Rb1
e1=Q {Time forfeit} 0-1

[Event "Cappelle Online Blitz"]
[Site "Europe-Echecs INT"]
[Date "2021.03.07"]
[Round "7"]
[White "Afraoui, S.."]
[Black "Godart, F.."]
[Result "0-1"]
[WhiteElo "1889"]
[BlackElo "2422"]
[PlyCount "88"]
[EventDate "2021.03.07"]
[EventType "blitz"]

1. e4 e5 2. Nf3 d5 3. Nxe5 Bd6 4. d4 dxe4 5. Nc3 Bxe5 6. dxe5 Qxd1+ 7. Kxd1 Bf5
8. Bc4 Nc6 9. Bb5 O-O-O+ 10. Ke2 Nxe5 11. Bf4 Ng6 12. Bg3 Nf6 13. Bc4 Rd7 14.
Rad1 Rhd8 15. Rxd7 Rxd7 16. Rd1 Bg4+ 17. f3 exf3+ 18. gxf3 Rxd1 19. Nxd1 Be6
20. Bxe6+ fxe6 21. Ne3 Nd5 22. Nc4 b5 23. Na3 b4 24. Nc4 Kd7 25. Nd2 h5 26. Bf2
a5 27. Nc4 a4 28. Be1 c5 29. Ne3 Kc6 30. Kd3 Ngf4+ 31. Ke4 Nxe3 32. Kxe3 Nd5+
33. Ke4 a3 34. bxa3 bxa3 35. Ba5 Nb4 36. Bxb4 cxb4 37. Ke5 Kd7 38. Kd4 g5 39.
Kc4 e5 40. Kxb4 e4 41. fxe4 g4 42. Kc3 h4 43. Kd2 g3 44. hxg3 h3 0-1

[Event "Cappelle Online Blitz"]
[Site "Europe-Echecs INT"]
[Date "2021.03.07"]
[Round "5"]
[White "Poschadel, Andreas Gregor"]
[Black "Dubois, Mart"]
[Result "1-0"]
[WhiteElo "2061"]
[BlackElo "1780"]
[PlyCount "73"]
[EventDate "2021.03.07"]
[EventType "blitz"]
[SourceTitle "The Week in Chess 1374"]
[Source "Mark Crowther"]
[SourceDate "2021.03.08"]
[SourceVersion "2"]
[SourceVersionDate "2021.03.09"]
[SourceQuality "2"]

1. e4 e5 2. Nf3 d5 3. Nxe5 Bd6 4. d4 dxe4 5. Bc4 Bxe5 6. dxe5 Qxd1+ 7. Kxd1 Nc6
8. Bf4 Bg4+ 9. Ke1 O-O-O 10. Nc3 f5 11. exf6 Nxf6 12. h3 Bh5 13. g4 Bg6 14. Rd1
Nd4 15. Bb3 Rhe8 16. Be3 Nxb3 17. axb3 Rxd1+ 18. Kxd1 b6 19. Ke2 c5 20. Rd1 Rd8
21. Rxd8+ Kxd8 22. Bg5 Kd7 23. Ke3 Ke6 24. Bxf6 gxf6 25. Nxe4 Ke5 26. f4+ Kd5
27. Nxf6+ Kd6 28. f5 Ke5 29. fxg6 Kxf6 30. gxh7 Kg7 31. Ke4 Kxh7 32. Kd5 Kg6
33. Kc6 Kf6 34. Kb7 b5 35. Kxa7 c4 36. bxc4 bxc4 37. Kb6 1-0

[Event "Cappelle Online Blitz"]
[Site "Europe-Echecs INT"]
[Date "2021.03.07"]
[Round "3"]
[White "Babanin, Gleb"]
[Black "Dubois, Mart"]
[Result "1-0"]
[WhiteElo "2142"]
[BlackElo "1780"]
[PlyCount "79"]
[EventDate "2021.03.07"]
[EventType "blitz"]
[SourceTitle "The Week in Chess 1374"]
[Source "Mark Crowther"]
[SourceDate "2021.03.08"]
[SourceVersion "2"]
[SourceVersionDate "2021.03.09"]
[SourceQuality "2"]

1. e4 e5 2. Nf3 d5 3. Nxe5 Bd6 4. d4 dxe4 5. Nc4 Nf6 6. Bg5 O-O 7. Nc3 Re8 8.
Be2 c6 9. Nxd6 Qxd6 10. Qd2 Bf5 11. Nd1 Nbd7 12. Ne3 Bg6 13. O-O Nd5 14. c4 Nf4
15. Bg4 Ne6 16. Bh4 Nxd4 17. Rad1 c5 18. Nc2 f5 19. Nxd4 cxd4 20. Qxd4 Qxd4 21.
Rxd4 Ne5 22. Be2 Rac8 23. Rfd1 Nd3 24. b3 Nb2 25. R1d2 Nd3 26. Bxd3 exd3 27. f4
Re2 28. R4xd3 Rce8 29. Rxe2 Rxe2 30. Rd8+ Kf7 31. Rd7+ Ke8 32. Rxg7 Rxa2 33.
Re7+ Kf8 34. Rxb7 a5 35. c5 Bh5 36. c6 Ra1+ 37. Kf2 Ra2+ 38. Ke3 Re2+ 39. Kd3
Rxg2 40. c7 1-0

[Event "Rated Blitz game"]
[Site "?"]
[Date "2021.03.07"]
[Round "?"]
[White "Gifroy"]
[Black "jeruchess"]
[Result "1-0"]
[WhiteElo "2460"]
[BlackElo "2362"]
[PlyCount "51"]
[EventDate "2021.??.??"]
[EventType "blitz"]

1. e4 e5 2. Nf3 d5 3. d4 dxe4 4. Nxe5 Bd6 5. Nc4 Nc6 6. Nxd6+ Qxd6 7. Be3 Nf6
8. c4 O-O 9. Nc3 Bf5 10. h3 Rfe8 11. a3 a5 12. Be2 Rad8 13. d5 Ne5 14. O-O b6
15. Bf4 Nf3+ 16. Bxf3 Qxf4 17. Be2 e3 18. fxe3 Qxe3+ 19. Kh1 Bxh3 20. Rf3 Bxg2+
21. Kxg2 Qg5+ 22. Rg3 Qf4 23. Qc1 Qd4 24. Qg5 Ne4 25. Nxe4 Rxe4 26. Qxd8+ {
Normal} 1-0